000 00466nam a2200133Ia 4500
008 250506s9999 xx 000 0 und d
024 _a07B-03-EE, 07B-24-EE, 07B-46-EE & 07B-47-EE
082 _a621.3845072 FAI
100 _aFaizan Ahmed, Azib Imtiaz Qidwai, Shaikh Muhammad Imran & Bilal Ahmed Farooqui
245 0 _aPC Based Surveillance Vehicle
260 _aKarachi:
_bUIT,
_c2007
600 _aElectronic Engineering
650 _aBachelor of Engineering (BE)
999 _c27923
_d27923